| 000 | 01870nam0a2200421 4500 | ||
|---|---|---|---|
| 001 | RU\NLR\bibl\2050698 | ||
| 005 | 20260409072155.0 | ||
| 010 |
_a978-5-89076-218-4 _91000 |
||
| 021 |
_aRU _b2013-43997 _93048 |
||
| 035 | _a(nilc)RuMoRGB-006590770 | ||
| 035 | _a(NLR Aleph) 002037734 | ||
| 090 |
_a4581050 _c4581050 |
||
| 100 | _a20130603d2013 |||y0rusy50 ca | ||
| 101 | 0 | _arus | |
| 102 | _aRU | ||
| 105 | _aa zzzz||||| | ||
| 200 | 1 |
_aБояре Романовы _eк 400-летию воцарения Михаила Федоровича Романова _fГ.К. Щуцкая _gГос. исторический музей |
|
| 210 |
_aМосква _cГИМ _d2013 _eТверь _gПарето-Принт |
||
| 215 |
_a143, [1] с. _cил., цв. ил., факс., портр. _d22 |
||
| 300 | _aНа обл. авт. не указан | ||
| 320 | _aБиблиогр. в примеч.: с. 120-124 (90 назв.) и в подстроч. примеч. | ||
| 600 | 0 |
_aМихаил Федорович _cцарь русский _f1596 - 1645 _91611112 _3RU\NLR\auth\66710006 |
|
| 602 |
_aРомановы _cдинастия _f1613 - 1917 _3RU\NLR\auth\66963051 _91521176 |
||
| 686 | _aТ3(2)461,022.1 | ||
| 686 | _aТ214(2)0-1 | ||
| 700 | 1 |
_aЩуцкая _bГ. К. _gГалина Константиновна _4070 |
|
| 702 | 0 |
_4570 _8rus _7ca _aМихаил Федорович _cцарь русский _f1596-1645 _3RU\NLR\AUTH\7721331 _94393 |
|
| 722 |
_4570 _8rus _aРомановы (династия) _f1613-1917 _7ca _3RU\NLR\AUTH\775442 _9115406 |
||
| 801 | 0 |
_aRU _bRuMoRKP _c20130603 _gRCR |
|
| 801 | 2 |
_aRU _bРГБ _c20130614 |
|
| 801 | 1 |
_aRU _bRuMoRKP _c20130603 _2rusmarc |
|
| 801 | 2 |
_aRU _bNLR _c20130704 _grcr |
|
| 830 | _aавт. раскрыт по ЭК | ||
| 942 | _cBOOK | ||
| 980 | _aGENEAL02 | ||
| 980 | _aNBR | ||
| 980 | _aNB | ||